000 00607cam a22002053a 4500
001 41704
003 PGUSA
005 20140828083936.0
008 121225s2012||||xxu|||||s|||||000 | eng d
040 _aPGUSA
_beng
042 _adc
100 1 _aCook, Stanley A.
245 1 4 _aThe Religion of Ancient Palestine :
_bIn the Second Millenium B.C.
_h[electronic resource] /
_cStanley A. Cook
260 _bProject Gutenberg,
_c2012
506 _aPublic domain in the USA.
516 _aElectronic text
830 0 _aProject Gutenberg
_v41704
856 4 0 _uhttp://www.gutenberg.org/ebooks/41704
942 _cEB
999 _c270956
_d270956